000 03265nam a22005655i 4500
001 978-3-319-42438-5
003 DE-He213
005 20210118142749.0
007 cr nn 008mamaa
008 161020s2017 gw | s |||| 0|eng d
020 _a9783319424385
_9978-3-319-42438-5
024 7 _a10.1007/978-3-319-42438-5
_2doi
050 4 _aTK7888.4
072 7 _aTJFC
_2bicssc
072 7 _aTEC008010
_2bisacsh
072 7 _aTJFC
_2thema
082 0 4 _a621.3815
_223
245 1 0 _aDesigning with Xilinx® FPGAs
_h[electronic resource] :
_bUsing Vivado /
_cedited by Sanjay Churiwala.
250 _a1st ed. 2017.
264 1 _aCham :
_bSpringer International Publishing :
_bImprint: Springer,
_c2017.
300 _aX, 260 p. 141 illus., 3 illus. in color.
_bonline resource.
336 _atext
_btxt
_2rdacontent
337 _acomputer
_bc
_2rdamedia
338 _aonline resource
_bcr
_2rdacarrier
347 _atext file
_bPDF
_2rda
520 _aThis book helps readers to implement their designs on Xilinx® FPGAs. The authors demonstrate how to get the greatest impact from using the Vivado® Design Suite, which delivers a SoC-strength, IP-centric and system-centric, next generation development environment that has been built from the ground up to address the productivity bottlenecks in system-level integration and implementation. This book is a hands-on guide for both users who are new to FPGA designs, as well as those currently using the legacy Xilinx tool set (ISE) but are now moving to Vivado. Throughout the presentation, the authors focus on key concepts, major mechanisms for design entry, and methods to realize the most efficient implementation of the target design, with the least number of iterations.
650 0 _aElectronic circuits.
650 0 _aMicroprocessors.
650 0 _aElectronics.
650 0 _aMicroelectronics.
650 1 4 _aCircuits and Systems.
_0http://scigraph.springernature.com/things/product-market-codes/T24068
650 2 4 _aProcessor Architectures.
_0http://scigraph.springernature.com/things/product-market-codes/I13014
650 2 4 _aElectronics and Microelectronics, Instrumentation.
_0http://scigraph.springernature.com/things/product-market-codes/T24027
700 1 _aChuriwala, Sanjay.
_eeditor.
_4edt
_4http://id.loc.gov/vocabulary/relators/edt
710 2 _aSpringerLink (Online service)
773 0 _tSpringer eBooks
776 0 8 _iPrinted edition:
_z9783319424378
776 0 8 _iPrinted edition:
_z9783319424392
776 0 8 _iPrinted edition:
_z9783319825816
856 4 0 _uhttps://doi.org/10.1007/978-3-319-42438-5
912 _aZDB-2-ENG
999 _c450840
_d450840
942 _cEB
506 _aAvailable to subscribing member institutions only. Доступно лише організаціям членам підписки.
506 _fOnline access from local network of NaUOA.
506 _fOnline access with authorization at https://link.springer.com/
506 _fОнлайн-доступ з локальної мережі НаУОА.
506 _fОнлайн доступ з авторизацією на https://link.springer.com/